000 01099nam a2200301 i 4500
001 000017725
003 DO-SdBNP
005 20250129073605.0
007 ta
008 100330t1998 dr 001 0dspa d
040 _aDO-SdBNP
_bspa
_cBNPHU
_erda
082 4 _a923.27293
_bD812b
_222
100 1 _aBalcácer, Juan Daniel,
_d1949-
_eautor
_96566
245 1 0 _aVicisitudes de Juan Pablo Duarte /
_cJuan Daniel Balcácer.
264 _aSanto Domingo :
_bBanco Central de la República Dominicana,
_c1998.
300 _a143 páginas ;
_c24 cm.
336 _2rdacontent
_atexto
_btxt
337 _2rdamedia
_asin mediación
_bn
338 _2rdacarrier
_avolumen
_bnc
500 _aIncluye datos biográficos del autor en las solapas.
500 _aIncluye referencias bibliográficas y notas al pie de las páginas
504 _aBibliografía : p.126-143
590 _aInventariado, 2020 / DG
600 1 0 _aDuarte, Juan Pablo,
_d1813-1876
_91494
651 0 _aRepública Dominicana --
_xHistoria --
_y1844-1930
_91009
910 _aVMateo / Validado. Control de calidad EMS
942 _2ddc
_cLBS1
999 _c17250
_d17250